Countries by Frequency of the letter A - Statistics

General Stats
  • This quiz has been taken 28 times
    8 since last reset
  • The average score is 45 of 165
Answer Stats
Hint Answer % Correct
5 Antigua and Barbuda
100%
4 Madagascar
80%
3 Afghanistan
60%
3 Albania
60%
3 Azerbaijan
60%
2 Algeria
40%
2 Andorra
40%
2 Angola
40%
2 Argentina
40%
2 Armenia
40%
3 Australia
40%
2 Austria
40%
2 Bahrain
40%
2 Bangladesh
40%
2 Barbados
40%
1 Belarus
40%
3 Bosnia and Herzegovina
40%
2 Botswana
40%
2 Bulgaria
40%
2 Cambodia
40%
1 Cameroon
40%
3 Canada
40%
3 Central African Republic
40%
1 China
40%
1 Democratic Republic of the Congo
40%
1 Denmark
40%
1 Dominican Republic
40%
1 Ecuador
40%
2 El Salvador
40%
3 Equatorial Guinea
40%
1 Eritrea
40%
1 Estonia
40%
1 Eswatini
40%
1 Ethiopia
40%
3 Federated States of Micronesia
40%
1 Finland
40%
1 France
40%
1 Gabon
40%
1 Germany
40%
1 Guinea
40%
1 India
40%
1 Indonesia
40%
1 Ireland
40%
1 Israel
40%
1 Italy
40%
3 Jamaica
40%
1 Jordan
40%
3 Kazakhstan
40%
1 Kuwait
40%
1 Kyrgyzstan
40%
1 Lebanon
40%
3 Malaysia
40%
3 Marshall Islands
40%
3 Mauritania
40%
3 Papua New Guinea
40%
3 Paraguay
40%
3 Saint Vincent and the Grenadines
40%
2 Taiwan
40%
2 Tajikistan
40%
2 Thailand
40%
3 Trinidad and Tobago
40%
2 Uganda
40%
3 United Arab Emirates
40%
1 United States
40%
2 Vanuatu
40%
1 Bhutan
20%
1 Bolivia
20%
1 Brazil
20%
2 Burkina Faso
20%
1 Cabo Verde
20%
1 Chad
20%
1 Colombia
20%
2 Croatia
20%
1 Cuba
20%
1 Czechia
20%
2 Saint Lucia
20%
1 Dominica
20%
1 Georgia
20%
2 Ghana
20%
2 Grenada
20%
2 Guatemala
20%
2 Guinea-Bissau
20%
2 Guyana
20%
1 Haiti
20%
1 Honduras
20%
1 Hungary
20%
1 Iceland
20%
1 Iran
20%
1 Iraq
20%
2 Japan
20%
1 Kenya
20%
1 Kiribati
20%
1 Laos
20%
2 Latvia
20%
1 Liberia
20%
2 Lithuania
20%
2 Malawi
20%
1 Maldives
20%
2 Malta
20%
1 Mauritius
20%
1 Moldova
20%
1 Monaco
20%
1 Mongolia
20%
2 Myanmar
20%
2 Namibia
20%
1 Nauru
20%
1 Nepal
20%
1 Netherlands
20%
3 Nicaragua
20%
1 Nigeria
20%
1 North Korea
20%
2 North Macedonia
20%
1 Norway
20%
1 Oman
20%
2 Pakistan
20%
2 Palau
20%
3 Panama
20%
1 Poland
20%
1 Portugal
20%
2 Qatar
20%
2 Romania
20%
1 Russia
20%
2 Rwanda
20%
2 Saint Kitts and Nevis
20%
2 Samoa
20%
2 San Marino
20%
2 Sao Tome and Principe
20%
4 Saudi Arabia
20%
1 Senegal
20%
1 Serbia
20%
1 Sierra Leone
20%
1 Singapore
20%
2 Slovakia
20%
1 Slovenia
20%
1 Solomon Islands
20%
2 Somalia
20%
2 South Africa
20%
1 South Korea
20%
1 South Sudan
20%
1 Spain
20%
2 Sri Lanka
20%
1 Sudan
20%
1 Suriname
20%
1 Switzerland
20%
1 Syria
20%
3 Tanzania
20%
3 The Bahamas
20%
1 Tonga
20%
1 Tunisia
20%
1 Turkmenistan
20%
1 Tuvalu
20%
1 Ukraine
20%
2 Vatican City
20%
2 Zambia
20%
2 Costa Rica
0%
1 Libya
0%
1 Mali
0%
1 Mozambique
0%
2 New Zealand
0%
2 The Gambia
0%
1 Uruguay
0%
1 Uzbekistan
0%
1 Venezuela
0%
1 Vietnam
0%
1 Zimbabwe
0%
No matching quizzes found
Score Distribution
Percent of People with Each Score
Percentile by Number Answered
Your Score History
You have not taken this quiz since the last reset